| 000 | 01100nam a2200313 4500 | ||
|---|---|---|---|
| 003 | OSt | ||
| 005 | 20260530115257.0 | ||
| 008 | 260505b2005 sp a|||| |||| 00| 0 spa d | ||
| 020 | _a382282870X | ||
| 040 |
_aICI _bspa _cIC |
||
| 041 | 1 |
_aspa _hger |
|
| 050 | 4 |
_aNK1535.E25 _bK6418 |
|
| 100 | 1 |
_aKoenig, Gloria, _eautor |
|
| 245 | 1 | 0 |
_aCharles & Ray Eames, 1907-1978, 1912-1988 : _bpioneros de la modernidad a mediados del siglo XX / _cGloria Koenig ; traducción, Claudia Andreu y Teresa Bladé |
| 246 | 4 | _aEames | |
| 264 | 1 |
_aKöln : _bTaschen, _cc2005 |
|
| 300 |
_a96 páginas : _bilustraciones |
||
| 336 |
_atexto _2rdacontent |
||
| 337 |
_asin medio _2rdamedia |
||
| 338 |
_avolumen _2rdacarrier |
||
| 490 | 0 | _aBasic Architecture Series | |
| 600 | 4 |
_aEames, Charles _xCrítica e interpretación _930685 |
|
| 600 | 1 | 4 |
_aEames, Ray _xCrítica e interpretación _930686 |
| 650 | 4 |
_aDiseño _xHistoria _ySiglo XX _zEstados Unidos |
|
| 650 | 4 |
_aDiseño de muebles _zEstados Unidos |
|
| 700 | 1 |
_aAndreu, Claudia, _etraductor |
|
| 700 | 1 |
_aBladé, Teresa, _etraductor |
|
| 942 |
_2lcc _cBK _n1 |
||
| 999 |
_c12674 _d12674 |
||